| 000 | 00839nam a2200265Ia 4500 | ||
|---|---|---|---|
| 003 | OSt | ||
| 005 | 20220924123628.0 | ||
| 006 | a|||||r|||| 00| 0 | ||
| 007 | ta | ||
| 008 | 220923b |||||||| |||| 00| 0 urd d | ||
| 020 | _a9789389358001 (pbk) | ||
| 020 | _cINR 60.00 | ||
| 024 | _a354045 | ||
| 037 |
_bTB4997, 29/12/2021, Technical Bureau India Pvt. Ltd. _cTextual |
||
| 040 |
_aARTS _cARTS _burd |
||
| 041 |
_2urd _aurd |
||
| 082 | _aO168,1M84x, Q9 | ||
| 100 |
_aChangezi Mirza Yagana Au. _9193330 |
||
| 245 | 0 | _aAayat-e-wazdani | |
| 260 |
_aNew Delhi _b Educational publishing house India _c2019 |
||
| 300 |
_a64p. _ccm. |
||
| 650 | _aURDU POETRY | ||
| 942 |
_hO168,1M84x, Q9 _cTEXL _2CC |
||
| 999 |
_c416495 _d416495 |
||